000 00478nam a22001697a 4500
003 OSt
005 20240830121634.0
008 231018s2016 ag ||||| |||| 00| h spa d
020 _a9789871912599
040 _cbesoc
100 _aConti, Julián Gabriel,
_d(1990-),
_eautor
245 1 0 _aCiudad maliciosa /
_cJulián Gabriel
260 _aRosario :
_bemr,
_c2016
300 _a12 p.
650 4 _aLiteratura argentina
_vHistorieta
_xSiglo XXI
_xColección juvenil
942 _2udc
_cOG
_n0
999 _c131
_d131